The sociology of tourism : european origins and developments
Saved in:
| Main Author: | |
|---|---|
| Other Authors: | |
| Format: | Book |
| Language: | English |
| Published: |
United Kingdom :
Emerald,
2009.
|
| Series: | Tourism social science series
; 12 |
| Subjects: | |
| Tags: |
Add Tag
No Tags, Be the first to tag this record!
|
MARC
| LEADER | 00000nam a2200000 a 4500 | ||
|---|---|---|---|
| 001 | 1/126484 | ||
| 008 | 230428s2009####enk| ||| |||| ||eng|| | ||
| 020 | |a 9781846639883 | ||
| 040 | |a GR-MyUa |b gre |c GR-MyUa |e AACR2 | ||
| 041 | 0 | |a eng | |
| 082 | 7 | |a 338.4791 |2 (23) | |
| 100 | 1 | |a Dann, Graham. | |
| 245 | 1 | 4 | |a The sociology of tourism : |b european origins and developments / |c Graham M.S. Dann, Giuli Liebman Parrinello. |
| 260 | |a United Kingdom : |b Emerald, |c 2009. | ||
| 300 | |a 466 σ. ; |c 23 εκ. | ||
| 490 | 1 | |a (Tourism social science series ; |v 12) | |
| 504 | |a Περιλαμβάνει βιβλιογραφικές παραπομπές και ευρετήριο. | ||
| 650 | 0 | |a Tourism |x Social aspects. | |
| 700 | 1 | |a Liebman Parrinello, Giuli. | |
| 830 | 0 | |a Tourism social science series |v ; 12 | |
| 852 | |a INST |b LESVOS |e 20230428 |h 338.4791 DAN |p 005100064699 |q 005100064699 |t BK |y 0 | ||
| 970 | |a Καμάτσου |b Δέσποινα |z 28-04-2023 | ||